Advanced Engineering Mathematics (Record no. 323815)

MARC details
000 -LEADER
fixed length control field 00411nam a2200157Ia 4500
008 - FIXED-LENGTH DATA ELEMENTS--GENERAL INFORMATION
fixed length control field 230718s9999 xx 000 0 und d
041 ## - LANGUAGE CODE
Language code of text/sound track or separate title eng
082 ## - DEWEY DECIMAL CLASSIFICATION NUMBER
Classification number 510.620
Item number DAS
100 ## - MAIN ENTRY--PERSONAL NAME
Personal name Dass H.K.
245 ## - TITLE STATEMENT
Title Advanced Engineering Mathematics
260 ## - PUBLICATION, DISTRIBUTION, ETC. (IMPRINT)
Date of publication, distribution, etc. 2008
Name of publisher, distributor, etc. S. Chand & Company
300 ## - PHYSICAL DESCRIPTION
Extent 1358
365 ## - TRADE PRICE
Currency code Rs.
Price amount 450.00
700 ## - ADDED ENTRY--PERSONAL NAME
Personal name Dass H.K.
906 ## - LOCAL DATA ELEMENT F, LDF (RLIN)
d O:0052205-Feb-2010B:100207-Jan-2010
c SS
b 135
Holdings
Withdrawn status Lost status Damaged status Not for loan Home library Current library Date acquired Vendor Budget Code Cost, normal purchase price Bill number Total Checkouts Full call number Barcode Date last seen Date last checked out Discount Cost, replacement price Bill Date Koha item type Original Barcode
        Cummins College of Engineering for Women Pune Cummins College of Engineering for Women Pune 05/02/2010 Pradeep Book Distributors SS 382.50 1002 1 510.620 CCEP-BK-35022 25/01/2024 20/11/2023 135 450.00 07/01/2010 Books 035022